书目信息 |
| 题名: |
皇城尸案
|
|
| 作者: | 彭斌 著 | |
| 分册: | ||
| 出版信息: | 长春 吉林摄影出版社 2004.08 |
|
| 页数: | 379页 | |
| 开本: | 20cm | |
| 丛书名: | ||
| 单 册: | ||
| 中图分类: | I287.8 | |
| 科图分类: | ||
| 主题词: | 儿童文学--中国 , 儿童文学--中国--丛书 | |
| 电子资源: | ||
| ISBN: | 7-80606-470-2 | |
| 000 | 00585nam0 2200205 450 | |
| 001 | 0537905775 | |
| 005 | 20060602091714.63 | |
| 010 | @a7-80606-470-2@dCNY26.80 | |
| 100 | @a20050219d2004 km y0chiy0120 ea | |
| 101 | 0 | @achi |
| 200 | 1 | @a皇城尸案@Ahuang cheng shi an@e美丽的蝴蝶@f彭斌著@Fpeng bin zhu |
| 210 | @a长春@c吉林摄影出版社@d2004.08 | |
| 215 | @a379页@d20cm | |
| 517 | 1 | @a美丽的蝴蝶@Amei li de hu die |
| 606 | 0 | @a儿童文学@x中国 |
| 606 | 0 | @a儿童文学@x中国@x丛书 |
| 690 | @aI287.8@v4 | |
| 701 | 0 | @a彭斌@Apeng bin@4著 |
| 801 | 0 | @aCN@bPFT@c20060602 |
| 905 | @aBZT@dI287.8@e31 | |
| 皇城尸案:美丽的蝴蝶/彭斌著.-长春:吉林摄影出版社,2004.08 |
| 379页;20cm |
| ISBN 7-80606-470-2:CNY26.80 |
| ● |
| 相关链接 |
|
|
|
正题名:皇城尸案
索取号:I287.8/31
 
预约/预借
| 序号 | 登录号 | 条形码 | 馆藏地/架位号 | 状态 | 备注 |
| 1 | 408596 | 210369652 | 中心书库中库/打包BH0335/ [索取号:I287.8/31] | 在馆 | |
| 2 | 408597 | 210369670 | 中心书库中库/打包BH0335/ [索取号:I287.8/31] | 在馆 | |
| 3 | 408598 | 210369643 | 中心书库中库/打包BH0335/ [索取号:I287.8/31] | 在馆 | |
| 4 | 408599 | 210369741 | 中心书库中库/打包BH0534/ [索取号:I287.8/31] | 在馆 | |
| 5 | 408600 | 210369732 | 中心书库中库/打包BH0335/ [索取号:I287.8/31] | 在馆 | |
| 6 | 408601 | 210369723 | 中心书库中库/打包BH0335/ [索取号:I287.8/31] | 在馆 | |
| 7 | 408602 | 220004472 | 中心书库中库/打包BH0533/ [索取号:I287.8/31] | 在馆 | |
| 8 | 408603 | 210369705 | 中心书库中库/打包BH0335/ [索取号:I287.8/31] | 在馆 | |
| 9 | 408604 | 210369698 | 中心书库中库/打包BH0335/ [索取号:I287.8/31] | 在馆 | |
| 10 | 408605 | 210369661 | 中心书库中库/打包BH0335/ [索取号:I287.8/31] | 在馆 | |
| 11 | 419252 | 210477553 | 中心书库中库/打包BH0335/ [索取号:I287.8/31] | 在馆 | |
| 12 | 419253 | 210477535 | 中心书库中库/打包BH0335/ [索取号:I287.8/31] | 在馆 | |
| 13 | 419254 | 210477544 | 中心书库中库/打包BH0335/ [索取号:I287.8/31] | 在馆 | |
| 14 | 419255 | 210477526 | 中心书库中库/打包BH0534/ [索取号:I287.8/31] | 在馆 | |
| 15 | 419256 | 210477508 | 中心书库中库/打包BH0335/ [索取号:I287.8/31] | 在馆 | |
| 16 | 419257 | 210477483 | 中心书库中库/打包BH0335/ [索取号:I287.8/31] | 在馆 | |
| 17 | 419258 | 210477517 | 中心书库中库/打包BH0335/ [索取号:I287.8/31] | 在馆 | |
| 18 | 419259 | 210477492 | 中心书库中库/打包BH0335/ [索取号:I287.8/31] | 在馆 | |
| 19 | 419260 | 210477474 | 中心书库中库/打包BH0534/ [索取号:I287.8/31] | 在馆 | |
| 20 | 443550 | 230000687 | 中心书库中库/打包BH0335/ [索取号:I287.8/31] | 在馆 | |
| 21 | 443551 | 230000686 | 中心书库中库/打包BH0335/ [索取号:I287.8/31] | 在馆 | |
| 22 | 443552 | 230000685 | 中心书库中库/打包BH0335/ [索取号:I287.8/31] | 在馆 | |
| 23 | 443553 | 230000684 | 中心书库中库/打包BH0534/ [索取号:I287.8/31] | 在馆 | |
| 24 | 443554 | 230000683 | 中心书库中库/打包BH0335/ [索取号:I287.8/31] | 在馆 | |
| 25 | 443555 | 230000682 | 中心书库中库/打包BH0335/ [索取号:I287.8/31] | 在馆 | |
| 26 | 443556 | 230000681 | 中心书库中库/打包BH0534/ [索取号:I287.8/31] | 在馆 | |
| 27 | 443557 | 230000680 | 中心书库中库/打包BH0533/ [索取号:I287.8/31] | 在馆 | |
| 28 | 443558 | 230000679 | 中心书库中库/打包BH0335/ [索取号:I287.8/31] | 在馆 | |
| 29 | 443559 | 230000678 | 中心书库中库/打包BH0335/ [索取号:I287.8/31] | 在馆 |